Регионална библиотека "Любен Каравелов" - Русе

Сватбени свещи (Запис номер 122780)

MARC детайли
000 -Лидер
Контролно поле с фиксирана дължина nam a22 a 4500
003 - Код на организацията, давaща контролен номер
Контролно поле BLK
005 - Дата и час на последна редакция
Контролно поле 20220629155137.0
008 - Елементи от данни с фиксирана дължина
fixed length control field 180409b bul|||||r ||||||| ||bul||
010 ## - Наследен системен номер
LC control number KNG00128427000
040 ## - Източник на каталожния запис
Идентификатор на билиотеката - собственик на записа BLK
041 ## - Код за език
Код за езика на текст/звукозапис или на отделно заглавие Български
Код за езика КДБФ Български
080 ## - УДК
Текстов определител УДК Българска литература
УДК код - определител по УДК 821.163.2
УДК определител -32
УДК - код + определител 821.163.2-32
100 1# - Редна дума - Автор
Автор Барух, Виктор Сабат
Авторска отговорност първи автор
R(LIN) 372891
139 ## - Редно поле
Редна дума Барух, Виктор Сабат
Авторски знак Бару - Б 27
245 10 - Сведения за заглавието
Заглавие Сватбени свещи
Подзаглавни данни Избрани повести и разкази
Редно поле (дума) Виктор Сабат Барух; предг. от Михаил Василев.
257 ## - Страна на издаване
Страна на създаване/издаване България
260 ## - Област на издателските данни
Място на издаване, разпространение и проч. София
Име на издателя, разпространителя и проч. Бълг. писател
Година на издаване 1971
300 ## - Физическа характеристика
Страници 388 с.
Размери/Мащаб 25 см
380 ## - Жанр
Жанр Худож. лит.
600 14 - Име на лице, използвано като предмет
За него / За нея Барух, Виктор
9 (RLIN) 317759
700 1# - Други автори (авторска отговорност)
Лично име Василев, Михаил
Автороска отговорност (Описва отношението между автора и произведението) предг. от
9 (RLIN) 367486
852 ## - Местоположение
Форматна сигнатура Цб 59056
Фондова буква Хранилище
856 4# - Електронен адрес и достъп
Електронен формат pdf - файл
856 4# - Електронен адрес и достъп
Електронен формат pdf - файл
999 ## - СИСТЕМНИ КОНТРОЛНИ НОМЕРА
Koha biblionumber 122780
Koha biblioitemnumber 122780
942 ## - АРТИКУЛИ
Вид на библиотечния материал Книги
Скрит в OPAC Не
Периодичен библиозапис Да
944 ## - СЪЗДАВАНЕ И РЕДАКЦИЯ на ЗАПИСА
Създаване/Редакция Създаване
Дата на регистрацията/редакция 07.03.2012
Статус, дата на статуса 07.03.2012 - от С1,Р / 07.03.2012
Служител, извършил регистрацията/редакцията Ирена_Русанова
944 ## - СЪЗДАВАНЕ И РЕДАКЦИЯ на ЗАПИСА
Създаване/Редакция Редакция
Дата на регистрацията/редакция 07.03.2012
Статус, дата на статуса 07.03.2012 - от С1,Р / 07.03.2012
Наличности
Код за отписване Код за изгубен артикул Източник на класификационната схема Код за повреда Коз за рестрикции Код за отдаване Артикулен № Име на библиотеката - собственик Име на библиотеката, в която се намира в момента Статус (Текущо местоположение) Дата на вписване в системата Местоположение - отдел Цена в лева Инвентарен номер Систематично азбучна сигнатура Баркод Номер на екземпляра Цена в евро Служебна бележка Служебен тип на артикула
  Не е изгубен Universal Decimal Classification Не е повреден само за читалня ползва се в читалня 198689 Регионална библиотека "Любен Каравелов" Русе Регионална библиотека "Любен Каравелов" Русе Хранилище 1971-01-01 Хранилище 1.72 97475 Цб 59056 120000097475 1 0.88 N: стар фонд Дата: 01.01.1971 Книги
Изтеглен Не е изгубен Universal Decimal Classification Не е повреден без рестрикции заемане за дома 198690 Регионална библиотека "Любен Каравелов" Русе Регионална библиотека "Любен Каравелов" Русе Заемна - подръчен фонд 1971-01-01 Заемна - подръчен фонд 1.72 98150 П 886.7-32/Б 27 98150 2 0.88 N: стар фонд Дата: 01.01.1971 Книги
Vip Innovations Ltd, Rousse, Bulgaria 2025